NATO's defence of the North

Saved in:
Bibliographic Details
Other Authors: Grove, Eric
Format: Book
Language:English
Published: London Brassey's (UK) 1989
Series:Brassey's Atlantic comentaries no. 1
Subjects:
Tags: Add Tag
No Tags, Be the first to tag this record!

MARC

LEADER 00000nam a2200000 4500
001 c103089
005 20221123135610.7
020 |a 0-08-037339-9 
041 0 |a eng 
044 |a GB 
245 1 0 |a NATO's defence of the North  |c Edited by Eric Grove 
264 1 |a London  |b Brassey's (UK)  |c 1989 
300 |a 104 s. 
490 1 |a Brassey's Atlantic comentaries  |v no. 1 
830 0 |a Brassey's Atlantic comentaries  |v no. 1 
610 2 0 |a armáda 
610 2 0 |a spolupráca medzinárodná 
610 2 0 |a spolužitie mierové 
610 2 0 |a NATO 
610 2 0 |a obrana štátu 
610 2 0 |a vojenstvo 
700 1 |a Grove, Eric